Literárne hovory Vladimíra Mináča a Dany Podrackej 9 Peklo emigrácie

Bibliographic Details
Main Authors: Mináč, Vladimír, 1922-1996 (Author), Podracká, Dana, 1954- (Author)
Format: Article
Language:Slovak
PhysicalDescription:Fotogr. 1
ISSN:0862-5999
Subjects:

MARC

LEADER 00000nab a2200000 a 4500
001 vtls000548756
003 SK-MaSNL
005 20260305043449.0
008 250425c1995 xo 0 slo
015 |a SNBRB19rr/mm-uuuuu 
035 |a CL0548894 
035 |a urn:nbn:sk:snk-abal21 
035 |a (urnnbn)urn:nbn:sk:snk:ar-00844j 
035 |a (uuid)78c32f6b-73f0-4091-8a85-d8d1f07273a6 
040 |a SNKBUCL  |b slo  |c SNKBUCL  |e AACR2 
041 0 |a slo 
044 |a xo  |c SK 
080 |a 325  |2 1981 
100 1 |a Mináč, Vladimír,  |d 1922-1996  |4 aut  |9 103107 
245 1 0 |a Literárne hovory Vladimíra Mináča a Dany Podrackej 9  |b Peklo emigrácie  |c Vladimír Mináč, Dana Podracká 
300 |b Fotogr. 1 
650 0 7 |a emigrácia  |2 snkbucl  |9 3822 
655 7 |a články z novín a časopisov  |2 snkbucl  |9 267496 
700 1 |a Podracká, Dana,  |d 1954-  |4 aut  |9 212520 
773 0 |t Literárny týždenník  |g Roč. 8, č. 15 (1995), s. 7  |x 0862-5999 
850 |a Slovenská národná knižnica 
852 |a Slovenská národná knižnica 
954 |a odborná, vedecká literatúra pôvodná (slovenská)  |2 lita 
958 |a article14 
958 |a RK 
958 |a OND 
958 |a EUIPO 
999 |c 3353713  |d 3355643